[Event "DM Kandidatklassen 2026"]
[Site "Svendborg"]
[Date "2026.04.01"]
[Round "2.10"]
[White "Jacobsen, Samuel Bro"]
[Black "Nielsen Refs, Karl Emil Elmer"]
[Result "1-0"]
[WhiteElo "2099"]
[BlackElo "2161"]
[WhiteFideId "1480740"]
[BlackFideId "1452797"]
[EventDate "2026.03.31"]
[EventType "swiss"]
[EventRounds "7"]
[EventCountry "DEN"]
[SourceTitle "Live v. Kasper Jerwiarz"]

1. e4 c5 2. Nf3 Nc6 3. Bb5 g6 4. Bxc6 dxc6 5. d3 Bg7 6. a4 a5 7. O-O Nf6 8. h3 Nd7 9. Na3 O-O 10. c3 e5 11. Bg5 Qc7 12. Nc4 Re8 13. Nh2 Nf8 14. Ng4 Bxg4 15. Qxg4 Ne6 16. Be3 Red8 17. Rad1 b5 18. Na3 Rab8 19. Qe2 Rd7 20. g3 Qd8 21. Kh2 h5 22. h4 Bf6 23. Kg2 Be7 24. Bc1 Rd6 25. Nc2 Qd7 26. Ne3 Rd8 27. axb5 cxb5 28. Nd5 a4 29. Be3 Ra6 30. d4 cxd4 31. cxd4 exd4 32. Bxd4 Nxd4 33. Rxd4 Qe6 34. Nc7 Rxd4 35. Nxe6 Rxe6 36. Qxb5 Rexe4 37. Rc1 Kg7 38. Rc7 Rd2 39. Qb7 Rde2 40. Kf3 Re6 41. Qa7 R2e5 42. Kg2 Re2 43. Qxa4 Rf6 44. Qa7 Bd8 45. Rb7 Ree6 46. Rb8 Bb6 47. Qa3 Rxf2+ 48. Kh3 Bc7 49. Qf8+ Kf6 50. Re8 Rxe8 51. Qxe8 Kg7 52. Qe3 Rc2 53. b4 Kh7 54. b5 Rb2 55. Qe7 Bb6 56. Qxf7+ Kh6 57. Qf8+ Kh7 58. Qe7+ Kh6 59. Qf6 Rxb5 60. Qh8# 1-0

[Event "DM Kandidatklassen 2026"]
[Site "Svendborg"]
[Date "2026.04.01"]
[Round "2.11"]
[White "Zander, Emil"]
[Black "Snedker, Oliver Kaehne"]
[Result "0-1"]
[WhiteElo "2205"]
[BlackElo "2014"]
[WhiteFideId "1467123"]
[BlackFideId "1470051"]
[EventDate "2026.03.31"]
[EventType "swiss"]
[EventRounds "7"]
[EventCountry "DEN"]
[SourceTitle "Live v. Kasper Jerwiarz"]

1. e4 c5 2. Nf3 Nc6 3. Nc3 d6 4. d4 cxd4 5. Nxd4 e5 6. Ndb5 a6 7. Na3 Be7 8. Nc4 b5 9. Ne3 Nf6 10. Bd3 O-O 11. O-O Rb8 12. Ncd5 Nxd5 13. exd5 Na5 14. b4 Nc4 15. Nxc4 bxc4 16. Bxc4 Rxb4 17. Qe2 Qc7 18. Bxa6 Bxa6 19. Qxa6 Qxc2 20. Qa7 Bf6 21. Be3 Qa4 22. Qc7 e4 23. Rac1 Be5 24. Rfd1 Qxa2 25. g3 Rb2 26. Qc8 Qa4 27. Qf5 Rc2 28. Rxc2 Qxc2 29. Rd2 Qc4 30. Kg2 g6 31. Qg5 Ra8 32. Qg4 Ra5 33. Qd7 Ra1 34. Kh3 Qf1+ 35. Kh4 Qh1 36. h3 Qf3 37. Qg4 Bf6+ 38. Bg5 Qc3 39. Re2 h6 0-1

[Event "DM Kandidatklassen 2026"]
[Site "Svendborg"]
[Date "2026.04.01"]
[Round "2.12"]
[White "Jarlskov, Daniel Tuk Hartso"]
[Black "Shajan, Alan Pattayil"]
[Result "1-0"]
[WhiteElo "2199"]
[BlackElo "1987"]
[WhiteFideId "1463896"]
[BlackFideId "33436134"]
[EventDate "2026.03.31"]
[EventType "swiss"]
[EventRounds "7"]
[EventCountry "DEN"]
[SourceTitle "Live v. Kasper Jerwiarz"]

1. d4 Nf6 2. c4 g6 3. h4 c5 4. d5 d6 5. Nc3 Bg7 6. e4 e6 7. Be2 exd5 8. exd5 Nbd7 9. h5 Nxh5 10. Bxh5 gxh5 11. Qxh5 Ne5 12. Qe2 Qe7 13. Bh6 Bxh6 14. Rxh6 Bf5 15. Nb5 O-O-O 16. f4 Bd3 17. Qe3 Bxc4 18. Nxa7+ Kb8 19. fxe5 Kxa7 20. Nf3 Bxd5 21. Rxd6 Rxd6 22. Qxc5+ Kb8 23. Qxd6+ Qxd6 24. exd6 Bxf3 25. gxf3 Rd8 26. Rd1 Kc8 27. Rc1+ Kb8 28. Rc7 Rxd6 29. Rxf7 Rb6 30. b3 Ra6 31. Rxh7 Rxa2 32. Rh4 Kc7 33. Rd4 Kc6 34. b4 Rh2 35. f4 Kb5 36. Kf1 Ka4 37. f5 b5 38. Rf4 Kb3 39. f6 Rh8 40. Kg2 Rg8+ 41. Kf3 Kc3 42. f7 Rf8 43. Kg4 Kb3 44. Kg5 Rxf7 45. Rxf7 Kxb4 46. Kf4 Kc3 47. Ke3 1-0

[Event "DM Kandidatklassen 2026"]
[Site "Svendborg"]
[Date "2026.04.02"]
[Round "3.1"]
[White "Skovgaard, Andreas"]
[Black "Alzaga, Luis"]
[Result "1-0"]
[WhiteElo "2148"]
[BlackElo "2129"]
[WhiteFideId "1450760"]
[BlackFideId "1481606"]
[EventDate "2026.03.31"]
[EventType "swiss"]
[EventRounds "7"]
[EventCountry "DEN"]
[SourceTitle "Live v. Kasper Jerwiarz"]

1. d4 Nf6 2. c4 e6 3. Nc3 Bb4 4. f3 d5 5. a3 Bxc3+ 6. bxc3 h6 7. cxd5 exd5 8. e3 Bf5 9. Ne2 O-O 10. Ng3 Bh7 11. Bd3 Bxd3 12. Qxd3 Re8 13. O-O c5 14. Rb1 b6 15. e4 dxe4 16. fxe4 cxd4 17. Bxh6 dxc3 18. Qxc3 Qc8 19. Qd2 Qc5+ 20. Kh1 Ng4 21. Bxg7 Kxg7 22. Nf5+ Kf8 23. Qg5 Re6 24. Qg7+ Ke8 25. Qg8+ Kd7 26. Qxf7+ 1-0

[Event "DM Kandidatklassen 2026"]
[Site "Svendborg"]
[Date "2026.04.02"]
[Round "3.2"]
[White "Li, Anna Sofie"]
[Black "Skjoldager, Per"]
[Result "1-0"]
[WhiteElo "2047"]
[BlackElo "2159"]
[WhiteFideId "1472119"]
[BlackFideId "1408828"]
[EventDate "2026.03.31"]
[EventType "swiss"]
[EventRounds "7"]
[EventCountry "DEN"]
[SourceTitle "Live v. Kasper Jerwiarz"]

1. e4 c5 2. Nf3 g6 3. d4 cxd4 4. Nxd4 Nf6 5. Bd3 d6 6. c4 Bg7 7. Nc3 Nc6 8. Nc2 O-O 9. O-O Be6 10. f4 Bd7 11. Be2 Qc8 12. h3 Nb4 13. Nxb4 Qc5+ 14. Kh1 Qxb4 15. e5 Nh5 16. Bxh5 gxh5 17. Nd5 Qxc4 18. Nxe7+ Kh8 19. exd6 Rad8 20. f5 Bb5 21. Rf4 Qc5 22. f6 Bh6 23. Rf5 Rxd6 24. Bxh6 Rxd1+ 25. Rxd1 Qc2 26. Bg7# 1-0

[Event "DM Kandidatklassen 2026"]
[Site "Svendborg"]
[Date "2026.04.02"]
[Round "3.3"]
[White "Veiergang, Oscar Jacob"]
[Black "Lilja, Richard"]
[Result "1-0"]
[WhiteElo "2189"]
[BlackElo "2074"]
[WhiteFideId "1470183"]
[BlackFideId "1403109"]
[EventDate "2026.03.31"]
[EventType "swiss"]
[EventRounds "7"]
[EventCountry "DEN"]
[SourceTitle "Live v. Kasper Jerwiarz"]

1. e4 e6 2. d4 d5 3. Nd2 Nc6 4. Ngf3 Nf6 5. e5 Nd7 6. Nb3 f6 7. Bb5 a6 8. Bxc6 bxc6 9. O-O c5 10. exf6 Qxf6 11. Re1 c4 12. Ng5 Nb8 13. Qg4 Bb4 14. Bd2 h5 15. Qh4 cxb3 16. Bxb4 Nc6 17. Bc5 bxc2 18. b4 Rh6 19. Rac1 Rg6 20. f4 Bd7 21. Qf2 a5 22. Nxe6 Bxe6 23. f5 O-O-O 24. fxg6 Qxf2+ 25. Kxf2 Bf5 26. a3 axb4 27. axb4 Kb7 28. Ra1 Bxg6 29. Ke3 Be4 30. b5 Nb8 31. Ra7+ Kc8 32. Kd2 g6 33. Rf1 Bf5 34. g3 1-0

[Event "DM Kandidatklassen 2026"]
[Site "Svendborg"]
[Date "2026.04.02"]
[Round "3.4"]
[White "Peitersen, Andreas"]
[Black "Slavensky, Asbjorn Vesterkaer"]
[Result "1-0"]
[WhiteElo "2141"]
[BlackElo "2103"]
[WhiteFideId "1479814"]
[BlackFideId "1470094"]
[EventDate "2026.03.31"]
[EventType "swiss"]
[EventRounds "7"]
[EventCountry "DEN"]
[SourceTitle "Live v. Kasper Jerwiarz"]

1. e4 c5 2. Nf3 d6 3. Bb5+ Bd7 4. Bxd7+ Nxd7 5. c4 Ngf6 6. Nc3 e6 7. d4 cxd4 8. Nxd4 Rc8 9. b3 a6 10. Bb2 Be7 11. O-O O-O 12. Qe2 Qb6 13. Rfd1 Ne5 14. Rd2 Rfd8 15. Rad1 h6 16. h3 g5 17. Qe3 Qa5 18. Nce2 Kh7 19. Bc3 Qc5 20. f3 Nh5 21. Nc2 Qc7 22. Bd4 Rf8 23. Bb6 Qb8 24. g4 Nf4 25. Nxf4 gxf4 26. Qe2 h5 27. Kg2 Rg8 28. Nd4 Kg6 29. Ba5 hxg4 30. fxg4 Rh8 31. Nf3 Rh7 32. Bb4 Rch8 33. Nxe5+ dxe5 34. Bxe7 Rxh3 35. Rd8 Rh2+ 36. Kf1 Rh1+ 37. Kg2 R8h2+ 38. Kf3 Rh3+ 39. Kg2 R1h2+ 40. Kf1 Rh1+ 41. Kg2 R3h2+ 42. Kf3 Rh3+ 43. Kg2 R1h2+ 44. Kf1 Qa7 45. c5 Rh1+ 46. Kg2 f3+ 47. Qxf3 R1h2+ 48. Kg1 Rxf3 49. Rg8+ Kh7 50. Rdd8 f6 51. Kxh2 b5 52. Rh8+ Kg6 53. Rdg8+ Kf7 54. Bd6 Rc3 55. Rh7+ Kxg8 56. Rxa7 f5 57. gxf5 exf5 58. exf5 1-0

[Event "DM Kandidatklassen 2026"]
[Site "Svendborg"]
[Date "2026.04.02"]
[Round "3.5"]
[White "Gregor, Bjarke"]
[Black "Haarh, Simon Bjork"]
[Result "0-1"]
[WhiteElo "2121"]
[BlackElo "2205"]
[WhiteFideId "1423401"]
[BlackFideId "1470515"]
[EventDate "2026.03.31"]
[EventType "swiss"]
[EventRounds "7"]
[EventCountry "DEN"]
[SourceTitle "Live v. Kasper Jerwiarz"]

1. e4 c5 2. Nc3 Nc6 3. Nge2 d6 4. d4 cxd4 5. Nxd4 Nf6 6. Bg5 e6 7. Qd2 a6 8. O-O-O h6 9. Bf4 Bd7 10. Nb3 e5 11. Be3 Be6 12. f3 Be7 13. g4 Rc8 14. h4 Na5 15. Kb1 b5 16. Qe1 Nxb3 17. cxb3 Qc7 18. Rc1 Qb7 19. g5 hxg5 20. Bxg5 b4 21. Bxf6 Bxf6 22. Nd5 Rxc1+ 23. Qxc1 Bxd5 24. exd5 Qxd5 25. Qc8+ Bd8 26. Bc4 Qxf3 27. Rf1 Qe4+ 28. Kc1 O-O 29. Rxf7 Bg5+ 30. Rf4+ Kh7 31. Qxf8 Bxf4+ 32. Kd1 Qf3+ 33. Be2 Qh1+ 34. Kc2 Qc1+ 0-1

[Event "DM Kandidatklassen 2026"]
[Site "Svendborg"]
[Date "2026.04.02"]
[Round "3.6"]
[White "Jarlskov, Daniel Tuk Hartso"]
[Black "Pirtac, Alexandru"]
[Result "1-0"]
[WhiteElo "2199"]
[BlackElo "2027"]
[WhiteFideId "1463896"]
[BlackFideId "13912143"]
[EventDate "2026.03.31"]
[EventType "swiss"]
[EventRounds "7"]
[EventCountry "DEN"]
[SourceTitle "Live v. Kasper Jerwiarz"]

1. d4 Nf6 2. c4 e6 3. Nf3 b6 4. g3 Bb7 5. Bg2 Be7 6. O-O O-O 7. Nc3 Ne4 8. Qc2 f5 9. Ne5 d6 10. Nxe4 Qc8 11. Nxd6 cxd6 12. Bxb7 Qxb7 13. Nf3 Nc6 14. b3 Bf6 15. Bb2 e5 16. Qxf5 exd4 17. Ng5 Bxg5 18. Qxg5 Rae8 19. Qd5+ Kh8 20. Rae1 Re5 21. Qg2 Qd7 22. e3 Qe8 23. Rd1 dxe3 24. Bxe5 e2 25. Bxd6 Rf6 26. Bf4 h6 27. Rfe1 exd1=Q 28. Rxd1 g5 29. Be3 Qg6 30. Qd5 Qc2 31. Rd2 Qb1+ 32. Kg2 Qg6 33. h3 Kg7 34. Bd4 Nxd4 35. Qxd4 h5 36. Re2 Qf5 37. Qe4 Qc8 38. Qe7+ Rf7 39. Qxg5+ Kf8 40. Qxh5 Qc6+ 41. Kh2 1-0

[Event "DM Kandidatklassen 2026"]
[Site "Svendborg"]
[Date "2026.04.02"]
[Round "3.7"]
[White "Iskos, Lukas"]
[Black "Jacobsen, Samuel Bro"]
[Result "1-0"]
[WhiteElo "2135"]
[BlackElo "2099"]
[WhiteFideId "1461613"]
[BlackFideId "1480740"]
[EventDate "2026.03.31"]
[EventType "swiss"]
[EventRounds "7"]
[EventCountry "DEN"]
[SourceTitle "Live v. Kasper Jerwiarz"]

1. d4 Nf6 2. Bf4 d5 3. e3 c5 4. Nf3 Nc6 5. Nbd2 Nh5 6. Be5 e6 7. c4 f6 8. cxd5 exd5 9. Bg3 Nxg3 10. hxg3 cxd4 11. Nxd4 Nxd4 12. exd4 Qe7+ 13. Be2 Bg4 14. f3 Bf5 15. Kf2 Qb4 16. Nb3 Kf7 17. Bd3 Bxd3 18. Qxd3 g6 19. Rac1 Bd6 20. Nd2 Qa4 21. Nf1 Qd7 22. Ne3 Bf8 23. Qb3 Rd8 24. Rc2 Kg7 25. Rhc1 Bd6 26. Nxd5 Rc8 27. Rxc8 Rxc8 28. Rxc8 Qxc8 29. Nc3 h5 30. Ne4 Be7 31. d5 Qd7 32. Qd3 Bd6 33. b3 Kf7 34. Qd4 Be5 35. Qc4 Bd6 36. Qc8 Qe7 37. Qxb7 Bb4 38. Qc6 Qe5 39. Qc4 Ba5 40. d6+ Kg7 41. f4 Bb6+ 42. Ke2 Qb2+ 43. Kf3 Qxa2 44. Qe6 Bd4 45. d7 Qc2 46. Qe7+ Kh6 47. Qf8+ Kh7 48. Ng5+ fxg5 49. Qe7+ Bg7 50. d8=Q g4+ 51. Ke3 Qxg2 52. Qe4 Qf1 53. Qd2 Bf8 54. Qd7+ Kh6 55. Qed4 Bc5 56. Qg7# 1-0

[Event "DM Kandidatklassen 2026"]
[Site "Svendborg"]
[Date "2026.04.02"]
[Round "3.8"]
[White "Snedker, Oliver Kaehne"]
[Black "Thuesen, Mogens Henrik"]
[Result "0-1"]
[WhiteElo "2014"]
[BlackElo "2056"]
[WhiteFideId "1470051"]
[BlackFideId "1400878"]
[EventDate "2026.03.31"]
[EventType "swiss"]
[EventRounds "7"]
[EventCountry "DEN"]
[SourceTitle "Live v. Kasper Jerwiarz"]

1. e4 c5 2. Nf3 Nc6 3. d4 cxd4 4. Nxd4 Nf6 5. Nc3 e5 6. Ndb5 d6 7. Bg5 a6 8. Na3 b5 9. Nd5 Be7 10. Bxf6 Bxf6 11. c3 Ne7 12. Nxe7 Qxe7 13. c4 O-O 14. Bd3 b4 15. Nc2 a5 16. h4 g6 17. h5 Bg5 18. Qe2 Qa7 19. hxg6 fxg6 20. a3 b3 21. Ne3 Be6 22. Nd5 Rf7 23. f3 Bxd5 24. exd5 Qd4 25. Rd1 Qf4 26. Rh3 e4 27. Bxe4 Re8 28. g3 Qf6 29. Kf2 Rxe4 30. Qxe4 Re7 31. Qb1 Re3 32. Rf1 Qxf3+ 33. Kg1 Qg4 34. Rh2 Rxg3+ 35. Kh1 Be3 0-1

[Event "DM Kandidatklassen 2026"]
[Site "Svendborg"]
[Date "2026.04.02"]
[Round "3.9"]
[White "Boje, Tobias Rosholm"]
[Black "Skytte, Robert"]
[Result "1/2-1/2"]
[WhiteElo "2130"]
[BlackElo "2009"]
[WhiteFideId "1413643"]
[BlackFideId "1471775"]
[EventDate "2026.03.31"]
[EventType "swiss"]
[EventRounds "7"]
[EventCountry "DEN"]
[SourceTitle "Live v. Kasper Jerwiarz"]

1. e4 c5 2. Nc3 g6 3. g3 Bg7 4. Bg2 Nc6 5. d3 d6 6. Be3 Nf6 7. h3 O-O 8. Qd2 Rb8 9. Bh6 b5 10. Bxg7 Kxg7 11. f4 e5 12. Nge2 b4 13. Nd1 a5 14. Ne3 Nh5 15. O-O Nd4 16. Kh2 Nxe2 17. Qxe2 exf4 18. gxf4 Qf6 19. e5 dxe5 20. Nd5 Qe6 21. Qxe5+ Qxe5 22. fxe5 Bb7 23. Rae1 Bxd5 24. Bxd5 Rbd8 25. Bc4 Rde8 26. c3 f6 27. e6 Re7 28. d4 cxd4 29. cxd4 Rd8 30. d5 f5 31. Rd1 Rd6 32. Bb3 Nf6 33. Rfe1 Ne4 34. Rxe4 fxe4 35. Kg3 a4 36. Bxa4 Kf6 37. Kf4 e3 38. Kxe3 Ke5 39. Bb3 g5 40. Rd4 Rb6 41. Re4+ Kd6 42. Rg4 h6 43. Ke4 Rb5 44. Rg2 Rc5 45. Re2 Rc1 46. Kf5 Rh1 47. Re3 Rh2 48. Kg6 Rxb2 49. Kxh6 Rg2 50. Re4 Rg3 51. Rxb4 Rxh3+ 52. Kxg5 Ke5 53. Kg6 Rg3+ 54. Kh6 Re8 55. Kh7 Re7+ 1/2-1/2

[Event "DM Kandidatklassen 2026"]
[Site "Svendborg"]
[Date "2026.04.02"]
[Round "3.10"]
[White "Sorensen, Michael D F"]
[Black "Fyhn, Buster Hulthin"]
[Result "1-0"]
[WhiteElo "2041"]
[BlackElo "2050"]
[WhiteFideId "1404660"]
[BlackFideId "1481800"]
[EventDate "2026.03.31"]
[EventType "swiss"]
[EventRounds "7"]
[EventCountry "DEN"]
[SourceTitle "Live v. Kasper Jerwiarz"]

1. d4 d5 2. Bg5 Nf6 3. Bxf6 exf6 4. e3 Bf5 5. Bd3 Bxd3 6. Qxd3 c6 7. Nf3 Bd6 8. O-O O-O 9. Nbd2 Re8 10. e4 dxe4 11. Nxe4 Bf8 12. Rfe1 Nd7 13. Ng3 Rxe1+ 14. Rxe1 g6 15. Qb3 Qb6 16. Qxb6 axb6 17. a3 Bd6 18. Ne4 Bc7 19. d5 f5 20. Nc3 Kf8 21. g3 Re8 22. Kf1 Rxe1+ 23. Kxe1 Ne5 24. Nd4 Nc4 25. dxc6 bxc6 26. Nxc6 Nxb2 27. Nd5 Bd6 28. Nxb6 Bxa3 29. Nd7+ Kg7 30. Kd2 Na4 31. f3 f6 32. Kd3 Nc5+ 33. Nxc5 Bxc5 34. Nd4 Kf7 35. Kc4 Ba7 36. Kd5 h5 37. c4 f4 38. gxf4 Bb8 39. Ne6 g5 40. c5 gxf4 41. c6 Kg6 42. h4 Kf7 43. c7 Bxc7 44. Nxc7 Kg6 45. Ke6 Kg7 46. Ne8+ Kf8 47. Nxf6 Kg7 48. Nxh5+ Kg6 49. Nxf4+ Kg7 50. Nd5 Kf8 51. f4 Ke8 52. f5 Kf8 53. f6 Ke8 54. Nf4 Kf8 55. Ng6+ Kg8 56. f7+ Kg7 57. f8=Q+ Kh7 58. Qf6 Kh6 59. Ne7+ Kh7 60. Qg6+ Kh8 61. Qg8# 1-0

[Event "DM Kandidatklassen 2026"]
[Site "Svendborg"]
[Date "2026.04.02"]
[Round "3.11"]
[White "Durrfeld, Sofie Bech"]
[Black "Nielsen Refs, Karl Emil Elmer"]
[Result "0-1"]
[WhiteElo "2017"]
[BlackElo "2161"]
[WhiteFideId "1451324"]
[BlackFideId "1452797"]
[EventDate "2026.03.31"]
[EventType "swiss"]
[EventRounds "7"]
[EventCountry "DEN"]
[SourceTitle "Live v. Kasper Jerwiarz"]

1. e4 e6 2. d4 d5 3. Nc3 a6 4. Bd3 c5 5. exd5 cxd4 6. dxe6 Bxe6 7. Ne4 Nf6 8. Nf3 Nc6 9. Nxf6+ gxf6 10. O-O Bd6 11. Re1 Qd7 12. c3 dxc3 13. bxc3 O-O-O 14. Nd4 Rhg8 15. g3 h5 16. Qa4 h4 17. Nxc6 hxg3 18. hxg3 Bc5 19. Bf4 Qxd3 20. Re3 Qd7 21. Rb1 Bxe3 22. Qxa6 Qd1+ 23. Rxd1 Rxd1+ 24. Kg2 bxa6 25. Ne7+ Kd7 26. Nxg8 Bxf4 0-1

[Event "DM Kandidatklassen 2026"]
[Site "Svendborg"]
[Date "2026.04.02"]
[Round "3.12"]
[White "Shajan, Alan Pattayil"]
[Black "Zander, Emil"]
[Result "0-1"]
[WhiteElo "1987"]
[BlackElo "2205"]
[WhiteFideId "33436134"]
[BlackFideId "1467123"]
[EventDate "2026.03.31"]
[EventType "swiss"]
[EventRounds "7"]
[EventCountry "DEN"]
[SourceTitle "Live v. Kasper Jerwiarz"]

1. e4 c5 2. Nf3 d6 3. Bb5+ Nd7 4. c4 Nf6 5. Nc3 g6 6. O-O Bg7 7. d4 cxd4 8. Nxd4 O-O 9. Bxd7 Bxd7 10. Qd3 Ng4 11. b3 Qb6 12. Nde2 f5 13. Nd5 fxe4 14. Qxe4 Nxf2 15. Nxb6 Nxe4 16. Rxf8+ Rxf8 17. Nxd7 Rf2 18. Ng3 Bxa1 19. Nxe4 Re2 0-1

[Event "DM Kandidatklassen 2026"]
[Site "Svendborg"]
[Date "2026.04.03"]
[Round "4.1"]
[White "Li, Anna Sofie"]
[Black "Skovgaard, Andreas"]
[Result "1/2-1/2"]
[WhiteElo "2047"]
[BlackElo "2148"]
[WhiteFideId "1472119"]
[BlackFideId "1450760"]
[EventDate "2026.03.31"]
[EventType "swiss"]
[EventRounds "7"]
[EventCountry "DEN"]
[SourceTitle "Live v. Kasper Jerwiarz"]

1. e4 e5 2. Nf3 Nc6 3. Bb5 a6 4. Ba4 f5 5. d3 fxe4 6. dxe4 Nf6 7. O-O d6 8. Re1 Be7 9. c3 O-O 10. Bb3+ Kh8 11. Ng5 Qe8 12. Ne6 Bxe6 13. Bxe6 Bd8 14. Bb3 Na5 15. Bc2 b5 16. a4 c6 17. Nd2 Bb6 18. b4 Bxf2+ 19. Kxf2 Ng4+ 20. Kg1 Qf7 21. Nf3 Nc4 22. Rf1 Qa7+ 23. Kh1 Nf2+ 24. Rxf2 Qxf2 25. Bg5 Rxf3 26. Qxf3 Qxc2 27. axb5 cxb5 28. Rf1 Rg8 29. h3 d5 30. Bh6 Qxe4 31. Bxg7+ Rxg7 32. Qf8+ Rg8 33. Qf6+ Rg7 34. Qf8+ Rg8 35. Qf6+ Rg7 36. Qf8+ 1/2-1/2

[Event "DM Kandidatklassen 2026"]
[Site "Svendborg"]
[Date "2026.04.03"]
[Round "4.2"]
[White "Peitersen, Andreas"]
[Black "Veiergang, Oscar Jacob"]
[Result "0-1"]
[WhiteElo "2141"]
[BlackElo "2189"]
[WhiteFideId "1479814"]
[BlackFideId "1470183"]
[EventDate "2026.03.31"]
[EventType "swiss"]
[EventRounds "7"]
[EventCountry "DEN"]
[SourceTitle "Live v. Kasper Jerwiarz"]

1. e4 e6 2. d4 d5 3. Nd2 c5 4. exd5 exd5 5. Bb5+ Nc6 6. Qe2+ Be7 7. dxc5 Nf6 8. Ngf3 O-O 9. Bxc6 bxc6 10. O-O Bxc5 11. Nb3 Bb6 12. Be3 Re8 13. Bxb6 axb6 14. Qd2 Bg4 15. Nfd4 c5 16. f3 Bd7 17. Ne2 Bb5 18. Rfe1 d4 19. c3 d3 20. Ng3 Qd5 21. Nf1 Rxe1 22. Rxe1 Rxa2 23. Nc1 Ra8 24. Ne3 Qg5 25. c4 Bc6 26. Kh1 Rd8 27. Nf1 Qh4 28. b3 b5 29. Ng3 bxc4 30. Nf5 Qxe1+ 31. Qxe1 d2 32. Qd1 c3 33. Ne3 Nd5 34. Nc4 Bb5 35. Ne2 Bxc4 0-1

[Event "DM Kandidatklassen 2026"]
[Site "Svendborg"]
[Date "2026.04.03"]
[Round "4.3"]
[White "Haarh, Simon Bjork"]
[Black "Iskos, Lukas"]
[Result "1/2-1/2"]
[WhiteElo "2205"]
[BlackElo "2135"]
[WhiteFideId "1470515"]
[BlackFideId "1461613"]
[EventDate "2026.03.31"]
[EventType "swiss"]
[EventRounds "7"]
[EventCountry "DEN"]
[SourceTitle "Live v. Kasper Jerwiarz"]

1. d4 Nf6 2. c4 e6 3. Nf3 Bb4+ 4. Bd2 Qe7 5. g3 b6 6. Bg2 Bb7 7. O-O O-O 8. Bf4 Bd6 9. Bxd6 Qxd6 10. Nc3 c5 11. Nb5 Qc6 12. d5 exd5 13. Ne5 Qe6 14. Nd3 Na6 15. Nf4 Qe5 16. cxd5 Nb4 17. Nc3 Rac8 18. a3 Na6 19. Nd3 Qb8 20. e4 c4 21. Nf4 Nc5 22. Re1 Rfe8 23. Nh5 Qe5 24. Nxf6+ Qxf6 25. Re3 Re7 26. Qe2 d6 27. Qxc4 Ba6 28. Qa2 Nd3 29. Rf3 Qd4 30. Rd1 f5 31. Rxf5 Rf8 32. Ne2 Qxb2 33. Rxf8+ Kxf8 34. Qxb2 Nxb2 35. Rd2 Nc4 36. Ra2 Na5 37. Nd4 Kf7 38. Nf5 Rd7 39. Rc2 Kf6 40. f4 Nc4 41. Rc3 b5 42. Ne3 Rb7 43. Nxc4 bxc4 44. Bf1 Re7 45. Re3 Rc7 46. e5+ Ke7 47. exd6+ Kxd6 48. Re6+ Kxd5 49. Rxa6 c3 50. Bd3 c2 51. Bxc2 Rxc2 52. Rxa7 Ke4 53. Kf1 Rxh2 54. Rxg7 h5 55. Rb7 Kf3 56. Rb3+ Kg4 57. f5 Kxf5 58. Rb4 Ra2 59. a4 Kg5 60. Ke1 Kf5 61. Rb5+ Kg4 62. a5 Ra3 63. Kf2 Ra2+ 64. Ke3 Ra3+ 65. Kd2 Rxg3 66. Rb4+ Kh3 67. Ra4 Rg7 68. a6 Ra7 69. Ke3 Kg3 70. Ra5 Kg4 71. Ke4 1/2-1/2

[Event "DM Kandidatklassen 2026"]
[Site "Svendborg"]
[Date "2026.04.03"]
[Round "4.4"]
[White "Thuesen, Mogens Henrik"]
[Black "Jarlskov, Daniel Tuk Hartso"]
[Result "0-1"]
[WhiteElo "2056"]
[BlackElo "2199"]
[WhiteFideId "1400878"]
[BlackFideId "1463896"]
[EventDate "2026.03.31"]
[EventType "swiss"]
[EventRounds "7"]
[EventCountry "DEN"]
[SourceTitle "Live v. Kasper Jerwiarz"]

1. d4 d5 2. c4 e6 3. Nc3 c5 4. cxd5 exd5 5. Nf3 Nc6 6. dxc5 d4 7. Na4 Bxc5 8. Nxc5 Qa5+ 9. Bd2 Qxc5 10. Rc1 Qb6 11. e3 dxe3 12. Bxe3 Qb4+ 13. Nd2 Nge7 14. Bc4 O-O 15. O-O Qxb2 16. Rc2 Qf6 17. Ne4 Qg6 18. Ng3 Bg4 19. Qc1 Rfd8 20. Re1 h6 21. h3 Bf5 22. Rb2 b6 23. Nxf5 Nxf5 24. Bf4 Ncd4 25. Qd1 Nh4 26. Qg4 Nhf3+ 27. gxf3 Nxf3+ 28. Kf1 Qxg4 29. hxg4 Nxe1 0-1

[Event "DM Kandidatklassen 2026"]
[Site "Svendborg"]
[Date "2026.04.03"]
[Round "4.5"]
[White "Slavensky, Asbjorn Vesterkaer"]
[Black "Alzaga, Luis"]
[Result "1-0"]
[WhiteElo "2103"]
[BlackElo "2129"]
[WhiteFideId "1470094"]
[BlackFideId "1481606"]
[EventDate "2026.03.31"]
[EventType "swiss"]
[EventRounds "7"]
[EventCountry "DEN"]
[SourceTitle "Live v. Kasper Jerwiarz"]

1. d4 e6 2. c4 Nf6 3. Nf3 b6 4. g3 Ba6 5. Nbd2 Bb4 6. Qa4 c5 7. a3 Bxd2+ 8. Bxd2 cxd4 9. Bg2 Bb7 10. O-O O-O 11. Nxd4 Bxg2 12. Kxg2 d5 13. Bb4 Re8 14. Rfd1 a5 15. Bc3 Nbd7 16. Nb5 Nc5 17. Qc2 Rc8 18. f3 a4 19. Bxf6 gxf6 20. Rd4 Nb3 21. Rg4+ Kh8 22. Rd1 Rg8 23. Rh4 f5 24. Qc3+ Rg7 25. Kf1 Qe7 26. Qe3 dxc4 27. Qxb6 Qf6 28. Nc3 Qe5 29. Qa6 Rcg8 30. Rf4 Qe3 31. Qd6 f6 32. Rxc4 e5 33. Qd3 Qh6 34. Rh4 Qg5 35. Nxa4 Nd4 36. Rxd4 exd4 37. Qxd4 f4 38. g4 f5 39. Qe5 Qh6 40. Rd7 1-0

[Event "DM Kandidatklassen 2026"]
[Site "Svendborg"]
[Date "2026.04.03"]
[Round "4.6"]
[White "Skjoldager, Per"]
[Black "Skytte, Robert"]
[Result "1/2-1/2"]
[WhiteElo "2159"]
[BlackElo "2009"]
[WhiteFideId "1408828"]
[BlackFideId "1471775"]
[EventDate "2026.03.31"]
[EventType "swiss"]
[EventRounds "7"]
[EventCountry "DEN"]
[SourceTitle "Live v. Kasper Jerwiarz"]

1. e4 c5 2. c3 Nf6 3. d3 Nc6 4. f4 d6 5. Na3 g6 6. Nf3 Bg4 7. Be2 Bg7 8. O-O Rb8 9. h3 Bxf3 10. Bxf3 e5 11. f5 h5 12. fxg6 fxg6 13. Bg5 O-O 14. Qe1 Qd7 15. Qg3 Nh7 16. Bd2 Qe6 17. Be2 Kh8 18. Nc2 b5 19. Rxf8+ Nxf8 20. Ne1 b4 21. Nf3 bxc3 22. bxc3 Rb2 23. Rf1 Qxa2 24. Nh4 Rxd2 25. Nxg6+ Nxg6 26. Qxg6 Rxe2 27. Qxh5+ Kg8 28. Qe8+ 1/2-1/2